000 00923nam a22002652 4500
001 0000007165
005 20151217152024.0
008 071126s xx 000 0 eng d
020 _a0521785146 :
_cKES 760
040 _aKABU
_cKABU
100 1 _aAnthony, Martin.
_@0000158241
245 1 0 _aMathematics for economics and finance :
_bmethods and modelling /
_cMartin Anthony and Norman Biggs.
250 _aLow-price ed.
260 _aCambridge :
_bC. U. P.,
_c2000.
300 _a394 p.
650 0 _aEconomics, Mathematical.
_@0000149913
650 0 _aFinance
_xMathematical models.
_@0000151646
700 1 _aBiggs, Norman.
_@0000158242
908 _a071126
950 _@1
999 _c7421
_d7421